000 01182cam a2200289 a 4500
001 2151
005 20231108073549.0
020 _a0516223313 (lib. bdg.)
020 _a9780516273663
040 _aDLC
_cDLC
_dDLC
_beng
050 0 0 _aKF4700.Z9
_bD4 2002
082 0 0 _a342.73/083
_221
100 1 _aDe Capua, Sarah
245 1 0 _aBecoming a citizen /
_cby Sarah De Capua.
260 _aNew York :
_bChildren's Press,
_c2002
300 _a47 pages :
_billustrations
_c22 cm
505 _aT
520 _aIdeal for today's young investigative reader, each A True Book includes lively sidebars, a glossary and index, plus a comprehensive "To Find Out More" section listing books, organizations, and Internet sites. A staple of library collections since the 1950s, the new A True Book series is the definitive nonfiction series for elementary school readers.
521 _a880
_bLexile
521 _aT
_bRaz-Plus
650 0 _aCitizenship
_zUnited States
_vJuvenile literature.
650 0 _aNaturalization
_zUnited States
_vJuvenile literature.
650 1 _aCitizenship.
650 1 _aNaturalization.
906 _a7
_bcbc
_corignew
_d1
_eocip
_f20
_gy-gencatlg
942 _2ddc
_cBK
_n0
999 _c2151
_d2151